BIBLIOTHÈQUE DE LA MAISON DU MEXIQUE

Logo 1 Logo 2

Constitution des Etats-Unis Mexicains (notice nᵒ 1306)

détails MARC
000 -Sello discográfico
campo de control de longitud fija 00964nam a2200349 4500
005 - Identificación de versión
campo de control 20260406193856.0
035 ## - Otros números de control del sistema
Número de control del sistema 4787
099 ## - fechas locales
Tipo de ítem Koha LIBRO
100 ## - Datos de procesamiento general
Datos de procesamiento general 19961024d1920 m y1spay5003 ba
101 1# - Idioma del recurso
Idioma del texto, banda sonora, etc. Francés
Idioma de la obra original Español; Castellano
105 ## - Campo de datos codificados: Material textual, monográfico
Datos codificados de monografía y 001zy
200 1# - Título y mención de responsabilidad
Título propio Constitution des Etats-Unis Mexicains
Designación general del material texto impreso
Otra información del título 1917
Primer mención de responsabilidad Traduction Carlos Docteur
210 ## - Publicación, distribución, etc.
Lugar de publicación, distribución, etc. Paris
Nombre del editor, distribuidor, etc. Imprimerie J. Mersch
Fecha de publicación, distribución, etc. 1920
215 ## - Descripción física
Designación de material específico y extensión del ítem 88 p
Dimensiones 18 cm
318 ## - Nota de acción
Acción No se presta a domicilio
345 ## - Nota de información de adquisición
Fuente de adquisición/dirección de la suscripción [OBSOLETO] Donación
410 #1 - Series
Título Publications de la Légation du Mexique à Paris
Número de volumen Brochure 1
607 ## - Nombre geográfico utilizado como tema
Elemento de entrada México
Subdivisión temática Constitución, 1917
Número Koha 3413
660 ## - Código de área geográfica
Código MX
676 ## - Clasificación Decimal Dewey
Número R321.02 D63c
702 ## - Nombre personal - Responsabilidad secundaria
Elemento de entrada Docteur
Parte del nombre distinta del elemento de entrada Carlos
Número Koha 3414
801 #0 - Fuente de origen
País FR
Agencia cm
Reglas de catalogación (convenciones descriptivas) AFNOR
886 ## - Datos no convertidos del formato de origen
Etiqueta del campo de formato de origen https://mjp.univ-perp.fr/constit/mx1917.htm
942 ## - ELEMENTOS DE ENTRADA SECUNDARIOS (KOHA)
Tipo de ítem Koha Livre

Pas d'exemplaire disponible.